01695nim a2200349 i 4500001000700000003000900007005001700016007001500033008004100048040001800089245012900107260004100236300004500277490004400322518008000366520025900446540002400705610006900729650001900798653002600817655001700843700002900860710009900889710002700988710004101015710007501056710004901131710006301180830004401243852002901287852002901316197331ES-MaACL20250901050622.0ss lsnjlcipnne290425s1990 sp nnnn |||| 00| spa d bspacES-MaACL00aLa vida está en otra parte: ingeniería genéticah[Grabación sonora] :bciclo El mundo en el que luchan las mujeres / aMadrid : bAteneo de Madrid, c1991. a2 casetes (ca. 180 min) :bson. ;c11 cm1 3Actos culturales en el Ateneo de Madrid aGrabado el 28 de enero de 1991 en el Salón de Actos del Ateneo de Madrid. aConferencia sobre la ingeniería genética dentro del Ciclo El mundo que habitan las mujeres, que contiene tres conferencias siendo estas: la aquí comentada, "Martillo de brujas y herejes: el poder judicial" y "Entre el rito y el drama: las drogas".  aDocumento inédito20aAteneo de Madrid-xActos culturales-y1991-vGrabaciones sonoras 7aMujeres2embne aArchivo de la palabra 0aConferencias1 aGarcía Herrera, Alicia aAteneo de Madrid. ehisbAgrupación Ateneísta de Estudios sobre la Mujer "Clara Campoamor"2 aÁgora Feministaeclb2 aFórum de Política Feministaeclb aMujeres de la Asociación por la Defensa de la Sanidad Públicaeclb aAsociación de Mujeres Juristas Themiseclb aMovimiento por la Liberación e Igualdad de la Mujereclb 0aActos culturales en el Ateneo de Madrid aES-MaACLcDEPOZpCinta 1 aES-MaACLcDEPOZpCinta 2